000 00851nam a2200265Ia 4500
003 OSt
005 20220930072743.0
006 a|||||r|||| 00| 0
007 ta
008 220926b |||||||| |||| 00| 0 eng d
024 _a24869
037 _cTheses
040 _aCRL
_cCRL
_beng
041 _2eng
_aeng
100 _aYashpal Singh
_9530368
110 _aUniversity of Delhi. Faculty of Medical Sciences. Department of Medicine
245 0 _aStudy of haemodialyzer reuse in patients of chronic renal failure on maintenance hemodialysis
260 _c1998
300 _a53p.
_ap.
_ccm.
650 _aMEDICINE
700 _a Dr A S Narula Supervisor
_9529872
700 _aUniversity of Delhi. Faculty of Medical Sciences. Department of Medicine
942 _cDIS
_2CC
999 _c864271
_d864271